000
00313nam a2200133Ia 4500
008
191201s2009 xx 000 0 und d
082
_a
621.38173
_b
PUB
100
_a
PUCKNELL Douglas A
245
0
_a
Basic VLSI Design
260
_a
N.Delhi
_b
PHI
_c
2009
300
_a
459
650
_a
B.Tech(ECE)
942
_2
ddc
_c
BK
999
_c
4021
_d
4021